INTRODUCTION TO INTELLIGENCE & EXPERT SYSTEM (Record no. 47916)

000 -LEADER
fixed length control field 00318nam a2200133Ia 4500
008 - FIXED-LENGTH DATA ELEMENTS--GENERAL INFORMATION
fixed length control field 250402s9999 xx 000 0 und d
020 ## - INTERNATIONAL STANDARD BOOK NUMBER
International Standard Book Number 789332551947
082 ## - DEWEY DECIMAL CLASSIFICATION NUMBER
Classification number 5
Item number PAT-I
100 ## - MAIN ENTRY--PERSONAL NAME
Personal name PATTERSON
245 #0 - TITLE STATEMENT
Title INTRODUCTION TO INTELLIGENCE & EXPERT SYSTEM
260 ## - PUBLICATION, DISTRIBUTION, ETC.
Name of publisher, distributor, etc. PEARSON
Date of publication, distribution, etc. 2015
300 ## - PHYSICAL DESCRIPTION
Extent 448
942 ## - ADDED ENTRY ELEMENTS (KOHA)
Koha item type Reference Book
Holdings
Withdrawn status Lost status Damaged status Not for loan Collection code Permanent Location Current Location Shelving location Date acquired Cost, normal purchase price Full call number Barcode Date last seen Price effective from Koha item type
        School of Engineering Maharishi School of Engineering & Technology (Lucknow) Maharishi School of Engineering & Technology (Lucknow) R63S4 2025-04-02 700.00 600 9236 2025-04-02 2025-04-02 Reference Book

All Rights Reserved@MUIT

Powered by Koha